000 00407nam a2200121Ia 4500
008 220217s9999 xx 000 0 und d
245 0 _aOn-site non-mechanical jointing of piled textile reinforced rubber conveyor belting-Code of practice. Part 2. Cold vulcanizing.
260 _c2001
500 _aStandard number: IS 14206 Part 2
650 _aCold vulcanizing
650 _aConveyor belting
942 _cST
999 _c73553
_d73553